The watchers

Αποθηκεύτηκε σε:
Λεπτομέρειες βιβλιογραφικής εγγραφής
Κύριος συγγραφέας: Bassett, Jenifer
Μορφή: Βιβλίο
Γλώσσα:English
Δημοσίευση: Oxfoed : Oxford University Press, 1991
Σειρά:Streamline graded readers
Θέματα:
Ετικέτες: Προσθήκη ετικέτας
Δεν υπάρχουν, Καταχωρήστε ετικέτα πρώτοι!

MARC

LEADER 00000nam a2200000 i 4500
001 1/64584
008 941103s1991 eng d
020 |a 0-19-421916-X 
035 |a 1993  |c ΒΙΒΛΙΟΘΗΚΗ  |l 10046990 
040 |a GR-MY-UA  |b gre  |e aacr 
041 0 |a eng 
082 0 |a 428.64 
100 1 |a Bassett, Jenifer. 
245 1 4 |a The watchers /  |c Jennifer Bassett 
260 |a Oxfoed :   |b Oxford University Press,   |c 1991 
300 |a 24 p.;  |c 19 cm. 
490 1 |a Streamline graded readers 
650 0 0 |a English language  |v Textbooks for foreign speakers. 
650 0 0 |a English language  |x Readers. 
830 0 |a Streamline graded readers 
852 |a INST  |b SAMOS  |e 19941103  |h 428.64 BAS  |p 005300002550  |q 005300002550  |t BK  |y 0 
909 |a Σ  |b 030781